000 00296nam a22001337a 4500
008 170131b xxu||||| |||| 00| 0 eng d
020 _a046442738552
041 _aeng
080 _226TH
_a61
100 _a3
101 _aSHM
245 _aSTEDMAN'S MEDICAL DICTIONARY
_cSTEDMAN
942 _2udc
_cBK
999 _c4099
_d4099